El caso de Bélice sentencia y voto razonado en contra (Registro nro. 61956)

Detalles MARC
000 -ENCABEZADO
Número de control [NR] 00682nam a2200169Ia 4500
008 - DE LONGITUD FIJA DE DATOS DE ELEMENTOS - INFORMACIÓN GENERAL
Elementos de longitud fija [NR] 130821s1993 gt gr spa
040 ## - FUENTE DE CATALOGACION [NR]
Agencia de catalogación original [NR] Co-BoUCM
Idioma de catalogación [NR] spa
041 00 - CODIGO DE IDIOMA [R]
Código de idioma para texto/pista de sonido o título separado [R] Español
110 1# - ASIENTO PRINCIPAL--NOMBRE CORPORATIVO [NR]
Nombre corporativo o de jurisdicción como elemento de entrada [NR] Guatemala.
Unidad subordinada [R] Corte de Constitucionalidad
245 13 - MENCION DE TITULO [NR]
Título [NR] El caso de Bélice sentencia y voto razonado en contra
Mención de responsabilidad, etc. [NR] Corte de Constitucionalidad
260 ## - PUBLICACION, DISTRIBUCION, ETC. (PIE DE IMPRENTA) [R]
Lugar de publicación, distribución, etc. [R] Ciudad de Guatemala (Guatemala)
Nombre del editor, distribuidor, etc. [R] Talleres gráficos Serviprensa
Fecha de publicación, distribución, etc. [R] 1993
300 ## - DESCRIPCION FISICA [R]
Extensión [R] 44 páginas
651 #7 - ASIENTO SECUNDARIO DE MATERIA - NOMBRE GEOGRAFICO [R]
Nombre geográfico [NR] Gran Bretaña
Geographic name following place entry element [OBSOLETE] Relaciones internacionales
Subdivisión geográfica [R] Guatemala
9 (RLIN) 26626
651 #7 - ASIENTO SECUNDARIO DE MATERIA - NOMBRE GEOGRAFICO [R]
Nombre geográfico [NR] Guatemala
Geographic name following place entry element [OBSOLETE] Relaciones internacionales
Subdivisión geográfica [R] Gran Bretaña
9 (RLIN) 26992
942 ## - ELEMENTOS DE ENTRADA AGREGADOS (KOHA)
Tipo de ítem principal el descrito en 300a Libro
Tema principal Ciencia política
Edición 1
Parte restante de la signatura top. C677
Sistema de clasificación DEWEY
Clasificación 327.7281
Existencias
Total préstamos Signatura topográfica Código de barras Última vez visto Ejemplar Price effective from Tipo de ítem Perdido Sistema de clasificación Dañado No prestable Tipo de ítem específico Suprimido Ubicación habitual Ubicación actual Localización Fecha de creación Forma de adquisición Costo
  327.7281 C677 3000601 15/12/2012 Ej.1 03/02/2013 Libro   DEWEY     Libro     Bib. Cavelier Acavalier 28/02/2013   0.00